L'etranger

Saved in:
Bibliographic Details
Main Author: Camus, Albert, 1913-1960
Format: Book
Language:French
Published: Paris : Hatier, 1970.
Series:Profil d'une oeuvre ; 13
Tags: Add Tag
No Tags, Be the first to tag this record!

MARC

LEADER 00000cam a2200000 i 4500
001 1/499
008 950704s1970 fr | ||| |||| ||fre||
020 |a 2218004526 
035 |l 10014103 
040 |a GR-MyUa  |b gre  |e AACR2 
041 0 |a fre 
082 7 |a 843   |2 (22) 
100 1 |a Camus, Albert,  |d 1913-1960. 
245 1 2 |a L'etranger /   |c Camus ; analyse critique par Pierre-Louis Rey. 
260 |a Paris :   |b Hatier,   |c 1970. 
300 |a 62 σ. ;   |c 18 εκ.  
490 1 |a (Profil d'une oeuvre ;   |v 13) 
830 0 |a Profil d'une oeuvre ;  |v 13 
852 |a INST  |b LESVOS  |e 19950704  |h 843 CAM  |p 005100008168  |q 005100008168  |t BK  |y 0 
922 |a 1ΕΛΗ  |b 199012  |c ΠΠ/109